000 00361 a2200157 4500
001 46553
020 _a9788562832215
040 _cAnchieta - Aquarius
100 _aGouveia, Luis Augusto
240 1 0 _aTudo igual e diferente
_lpor
245 1 0 _aTudo igual e diferente
300 _a
362 0 _a2013
650 4 _aLiteratura infanto-juvenil
942 _cBK
999 _c46553
_d46553